The little egg / (Record no. 59268)
[ view plain ]
| 000 -LEADER | |
|---|---|
| fixed length control field | 00650nam a22001817a 4500 |
| 005 - DATE AND TIME OF LATEST TRANSACTION | |
| control field | 20111212115848.0 |
| 020 ## - INTERNATIONAL STANDARD BOOK NUMBER | |
| International Standard Book Number | 9780007244430 |
| Terms of availability | 75.00 |
| 037 ## - SOURCE OF ACQUISITION | |
| Source of stock number/acquisition | Blueberry Books |
| 100 ## - MAIN ENTRY--PERSONAL NAME | |
| Personal name | Landman, Tanya |
| 245 ## - TITLE STATEMENT | |
| Title | The little egg / |
| Statement of responsibility, etc | by Tanya Landman; illustrated by Shoo Rayner |
| 260 ## - PUBLICATION, DISTRIBUTION, ETC. (IMPRINT) | |
| Place of publication, distribution, etc | London |
| Name of publisher, distributor, etc | Collins |
| Date of publication, distribution, etc | 2007 |
| 270 ## - ADDRESS | |
| Address | 77-85 Fulhom Palace Road, Hammersmith |
| City | London |
| 300 ## - PHYSICAL DESCRIPTION | |
| Extent | Level 2-book B (24p.) |
| Other physical details | ill. |
| Dimensions | 20cm(pbk) |
| 490 ## - SERIES STATEMENT | |
| Series statement | Read at home |
| -- | 36780 |
| 700 ## - ADDED ENTRY--PERSONAL NAME | |
| Personal name | Rayner, Shoo |
| 9 (RLIN) | 36778 |
| 942 ## - ADDED ENTRY ELEMENTS (KOHA) | |
| Source of classification or shelving scheme | Dewey Decimal Classification |
| Item type | Children Books |
| Call number suffix | LAN |
| Withdrawn status | Lost status | Materials specified (bound volume or other part) | Not for loan | Home library | Current library | Date acquired | Cost, normal purchase price | Full call number | Cost, replacement price | Koha item type | Public note |
|---|---|---|---|---|---|---|---|---|---|---|---|
| Level 2-bo | Andrews Gunj | Andrews Gunj | 12/12/2011 | 75.00 | LAN | 75.00 | Children Books | Level 2-book B |
